Máscaras tradicionales de México (Record no. 10481)

MARC details
000 -CABECERA
campo de control de longitud fija 01118nam a2200289 a 4500
001 - NÚMERO DE CONTROL
campo de control BRL_1672
005 - FECHA Y HORA DE LA ÚLTIMA TRANSACCIÓN
campo de control 20190320211321.0
008 - DATOS DE LONGITUD FIJA--INFORMACIÓN GENERAL
campo de control de longitud fija 230414t1991----mx-ao#####---#000-0#spa-#
041 ## - CÓDIGO DE LENGUA
Código de lengua del texto/banda sonora o título independiente spa
044 ## - CÓDIGO DEL PAÍS DE LA ENTIDAD EDITORA/PRODUCTORA
Código MARC del país mx
050 #4 - SIGNATURA TOPOGRÁFICA DE LA BIBLIOTECA DEL CONGRESO
Número de clasificación F1219.3.M4
Número de documento/Ítem .M37 1991
245 10 - MENCIÓN DE TÍTULO
Título Máscaras tradicionales de México
Mención de responsabilidad, etc. texto Ruth Deutsch Lechuga ; fotografía Ruth Deutsch Lechuga y Enrique Franco Torrijos ; diseño Marianela de la Hoz ; coordinación Víctor Manuel Espíndola.
260 ## - PUBLICACIÓN, DISTRIBUCIÓN, ETC.
Lugar de publicación, distribución, etc. México
Nombre del editor, distribuidor, etc. Banco Nacional de Obras y Servicios Públicos
Fecha de publicación, distribución, etc. 1991
300 ## - DESCRIPCIÓN FÍSICA
Extensión 157 p.
Otras características físicas il. (algunas a color)
Dimensiones 34 cm.
500 ## - NOTA GENERAL
Nota general La biblioteca cuenta con dos ejemplares
500 ## - NOTA GENERAL
Nota general ej.1 Au2248, ej.2 Au2211
504 ## - NOTA DE BIBLIOGRAFÍA, ETC.
Nota de bibliografía, etc. Bibliografía : p. 155-157
650 14 - PUNTO DE ACCESO ADICIONAL DE MATERIA--TÉRMINO DE MATERIA
Término de materia o nombre geográfico como elemento de entrada Máscaras indígenas
Subdivisión geográfica México
9 (RLIN) 4283
650 14 - PUNTO DE ACCESO ADICIONAL DE MATERIA--TÉRMINO DE MATERIA
Término de materia o nombre geográfico como elemento de entrada Máscaras
Subdivisión geográfica México
9 (RLIN) 4284
651 #4 - PUNTO DE ACCESO ADICIONAL DE MATERIA--NOMBRE GEOGRÁFICO
Nombre geográfico México
Subdivisión general Antigüedades
9 (RLIN) 2765
700 1# - PUNTO DE ACCESO ADICIONAL--NOMBRE DE PERSONA
Nombre de persona Lechuga, Ruth Deutsch
Fechas asociadas al nombre 1920-2004
9 (RLIN) 4285
700 1# - PUNTO DE ACCESO ADICIONAL--NOMBRE DE PERSONA
Nombre de persona Franco Torrijos, Enrique
Término indicativo de función/relación il.
9 (RLIN) 625
700 1# - PUNTO DE ACCESO ADICIONAL--NOMBRE DE PERSONA
Nombre de persona Hoz, Marianela de la
9 (RLIN) 4286
710 2# - PUNTO DE ACCESO ADICIONAL--NOMBRE DE ENTIDAD CORPORATIVA
Nombre de entidad corporativa o nombre de jurisdicción como elemento de entrada Banco Nacional de Obras y Servicios Públicos
9 (RLIN) 27592
902 ## - CATALOGADOR
Iniciales GRL
942 ## - ELEMENTOS DE PUNTO DE ACCESO ADICIONAL (KOHA)
Fuente del sistema de clasificación o colocación Library of Congress Classification
Tipo de ítem Koha Libros
Holdings
Estado de retiro Estado de pérdida Estado dañado No para préstamo Localización permanente Ubicación/localización actual Fecha de adquisición Total de préstamos Signatura topográfica completa Código de barras Fecha visto por última vez Precio válido a partir de Tipo de ítem Koha
El ejemplar forma parte de la colección y puede ser consultado según las políticas vigentes.       Biblioteca Centro de Estudios Ruth D. Lechuga Biblioteca Centro de Estudios Ruth D. Lechuga 23/04/2014   F1219.3.M4 .M37 1991 GRL01842 22/03/2019 22/03/2019 Libros
El ejemplar forma parte de la colección y puede ser consultado según las políticas vigentes.       Biblioteca Centro de Estudios Ruth D. Lechuga Biblioteca Centro de Estudios Ruth D. Lechuga 11/01/2016   F1219.3.M4 .M37 1991 GRL01843 22/03/2019 22/03/2019 Libros